Giới thiệu tổng quát về nước Hà-Lan

保存先:
書誌詳細
フォーマット: 図書
言語:Undetermined
出版事項: The Hague, The Netherlands Sdu Dumbar 1997
主題:
タグ: タグ追加
タグなし, このレコードへの初めてのタグを付けませんか!
Thư viện lưu trữ: Trung tâm Học liệu Trường Đại học Cần Thơ
LEADER 00479nam a2200157Ia 4500
001 CTU_36093
008 210402s9999 xx 000 0 und d
082 |a 949.2 
082 |b N469g 
245 0 |a Giới thiệu tổng quát về nước Hà-Lan 
260 |a The Hague, The Netherlands 
260 |b Sdu Dumbar 
260 |c 1997 
650 |a netherlands - description and travel 
904 |i Minh, 000411 
980 |a Trung tâm Học liệu Trường Đại học Cần Thơ